Nanostructures : theory and modeling (Record no. 64205)

000 -LEADER
fixed length control field 00424nam a22001697a 4500
003 - CONTROL NUMBER IDENTIFIER
control field NUST - PNEC
005 - DATE AND TIME OF LATEST TRANSACTION
control field 20170116180836.0
008 - FIXED-LENGTH DATA ELEMENTS--GENERAL INFORMATION
fixed length control field 150805b xxu||||| |||| 00| 0 eng d
020 ## - INTERNATIONAL STANDARD BOOK NUMBER
International Standard Book Number 3540206949
040 ## - CATALOGING SOURCE
Transcribing agency LIBRARY
082 ## - DEWEY DECIMAL CLASSIFICATION NUMBER
Classification number 530.41 DEL
100 ## - MAIN ENTRY--PERSONAL NAME
9 (RLIN) 4956
Personal name Delerue, C.
245 ## - TITLE STATEMENT
Title Nanostructures : theory and modeling
Statement of responsibility, etc. C. Delerue
260 ## - PUBLICATION, DISTRIBUTION, ETC.
Date of publication, distribution, etc. c.2004
650 ## - SUBJECT ADDED ENTRY--TOPICAL TERM
9 (RLIN) 4957
Topical term or geographic name entry element Nanostructures
General subdivision ME
942 ## - ADDED ENTRY ELEMENTS (KOHA)
Source of classification or shelving scheme
Koha item type Book
Holdings
Withdrawn status Lost status Source of classification or shelving scheme Damaged status Not for loan Permanent Location Current Location Shelving location Date acquired Total Checkouts Full call number Barcode Date last seen Price effective from Koha item type
          Pakistan Navy Engineering College (PNEC) Pakistan Navy Engineering College (PNEC)       530.41 DEL PNECLIB-027533 08/05/2015   Book
© 2023 Central Library, National University of Sciences and Technology. All Rights Reserved.